Like tigers around a piece of meat : the Baba style of dondang-sayang

Bibliographic Details
Main Author: Thomas, Phillip Lee , 1943- (Author)
Corporate Author: Institute of Southeast Asian Studies
Format: Book
Published: Singapore : Institute of Southeast Asian Studies , c1986
Subjects:

MARC

LEADER 00000cam a2200000 7i4500
001 0000008597
005 20190505093000.0
008 021119n
020 |a 9971988283 ,   |c (pbk) 
020 |a 997198850X ,   |c (hb) 
050 0 0 |a PL5137.1   |b .T46 
090 0 0 |a PL5137.1   |b .T46 1986 
100 0 |a Thomas, Phillip Lee ,   |d 1943- ,   |e author 
245 0 0 |a Like tigers around a piece of meat :   |b the Baba style of dondang-sayang   |c Phillip Lee Thomas 
260 2 |a Singapore :   |b Institute of Southeast Asian Studies ,   |c c1986 
300 |a 83 p. ; ;   |c 21 cm. 
504 |a Bibliography: p. 75-83 
650 0 |a Dondang sayang 
650 0 |a Malay pantuns 
650 0 |a Music, Malay 
650 0 |a Peranakan   |z Singapore 
710 0 0 |a Institute of Southeast Asian Studies 
999 |a 1000028896   |b Book   |c OPEN SHELF (30 DAYS)   |e Gong Badak Campus